000 00563nam a2200193Ia 4500
003 IN-BaIIA
008 211028s9999 xx 000 0 eng d
020 _a0-85274-372-6
040 _cIIA Library
080 _a521.9
_bMUR
100 _aMurray, C. A.
_913647
245 0 _aVectorial astrometry
_cC. A. Murray
260 _aBristol
_bAdam Hilger
_c1983
300 _axi, 353p.
650 _aAstrometry
650 _aAstronomical techniques
_91786
650 _aAstronomy and Astrophysics Thesaurus
942 _cBK
999 _c8097
_d8097